Hlavný problém slovenských expedícií: peniaze Polárne úvahy s geografom, horolezcom a cestovateľom Františkom Kelem

Bibliographic Details
Main Authors: Kele, František, 1936-2014 (Author), Sliacky, Mikuláš, 1950- (Author)
Format: Article
Language:Slovak
PhysicalDescription:Fotogr. 2
Subjects:

MARC

LEADER 00000nab a2200000 a 4500
001 vtls000577766
003 SK-MaSNL
005 20260303221722.0
008 160202c1996 xo 0 slo
015 |a SNBRB19rr/mm-uuuuu 
035 |a CL0577904 
040 |a SNKBUCL  |b slo  |c SNKBUCL  |e AACR2 
041 0 |a slo 
044 |a xo  |c SK 
080 |a 910.4(160.27)  |2 1981 
100 1 |a Kele, František,  |d 1936-2014  |4 aut  |9 158736 
245 1 0 |a Hlavný problém slovenských expedícií: peniaze  |b Polárne úvahy s geografom, horolezcom a cestovateľom Františkom Kelem  |c František Kele, Mikuláš Sliacky 
300 |b Fotogr. 2 
650 0 7 |a polárne expedície  |2 snkbucl  |9 56919 
655 7 |a články z novín a časopisov  |2 snkbucl  |9 267496 
700 1 |a Sliacky, Mikuláš,  |d 1950-  |4 aut  |9 239938 
773 0 |t Pravda  |g Roč. 6, č. 58 (9. 3. 1996) 
773 0 |t [Príl.] Sobota plus  |g Č. 9 (1996), s. I 
850 |a Slovenská národná knižnica v Martine  |a MTA001 
852 |a SNK  |b KIS3GCP 
958 |a RK 
958 |a SK 
992 |a RBX 
999 |c 2235721  |d 2237651